| 000 | 00360nam a2200145Ia 4500 | ||
|---|---|---|---|
| 008 | 150201s2004 xx 000 0 und d | ||
| 082 |
_a617.6342 _bE2004W |
||
| 100 | _aWEINE,FRANKLIN | ||
| 245 | _aENDODONTICS THERAPY | ||
| 250 | _a1ST | ||
| 260 |
_bMOSBY _aDELHI _c2004 |
||
| 300 | _a1-630 | ||
| 650 | _aCONSERVATIVE DENTISTRY & ENDODONTICS | ||
| 942 |
_2ddc _cBK |
||
| 999 |
_c3318 _d3318 |
||